000 00608cam a2200145 4500500
005 20260208002413.0
041 _afre
042 _adc
100 1 0 _aLaurière, Christine
_eauthor
245 0 0 _aNathan Schlanger, ed., Marcel Mauss.Techniques, Technology and Civilisation. Introduction by Nathan Schlanger, New York, Durkheim Press/Oxford, Berghahn Books, 2006, 177 p., bibl., index, ill.
260 _c2008.
500 _a96
786 0 _nL'Homme | 185-186 | 1 | 2008-06-01 | p. 495c-540c | 0439-4216
856 4 1 _uhttps://shs.cairn.info/revue-l-homme-2008-1-page-495c?lang=fr&redirect-ssocas=7080
999 _c1646177
_d1646177